Statistics for 10 Biggest cities in Algeria

Click here to take the quiz!

General Stats

  • This quiz has been taken 10 times
  • The average score is 3 of 10

Answer Stats

RankPopulationAnswer% Correct
11 977 667Algiers
100%
5456 097Constantine
78%
3645 984Oran
78%
7288 491Setif
44%
10206 570Annaba
33%
9275 582Bab Ezzouar
0%
8280 798Batna City
0%
6307 987Biska
0%
2786 499Boumedras
0%
4634 222Tebessa
0%

Score Distribution

Percentile by Number Answered

Percent of People with Each Score

Your Score History

You have not taken this quiz